Culture Générale - Série 411 - Statistiques

Statistiques générales
  • Ce quiz a été pris 666 fois
  • Le résultat moyen est 7 sur 10
Statistiques - réponses
Question Réponse % Correct
Combien un cube a-t-il de faces ? 6
99%
Quelle énergie naturelle fait tourner les éoliennes ? Le vent
99%
Complétez le titre du roman de Jules Verne : "Le Tour du monde en... 80 jours
96%
Complétez cette réplique d'Hamlet : "Etre ou ne pas être, c'est là la... Question
96%
En musique, combien de noires une ronde vaut-elle ? 4
89%
Comment appelle-t-on un mot qui peut se lire de droite à gauche et de gauche à droite tout en conservant le même sens ? Un palindrome
75%
En mars 1846, un brevet d'invention du saxophone est déposé par Monsieur Adolphe... Sax
68%
Complétez cette réplique du film "Les Tontons Flingueurs" : "Patricia, mon petit. ton Antoine commence à me les briser... Menu
54%
Quel était le nom du dirigeable zeppelin qui prit feu en mai 1937 à son arrivée à l'aéroport de Lakehurst, près de New York ? Hindenburg
12%
Dans "Les Mystères de l'Ouest", l'ennemi juré de James West et d'Artemus Gordon est Miguelito... Loveless
5%
Aucun quiz correspondant
Distribution des résultats
% des personnes avec chaque résultat
Percentile par nombre de réponses
Votre historique - résultats
Vous n’avez pas pris ce quiz